Biblioteca ESET

Historia 3 ES: (Registro nro. 174)

Detalles MARC
000 -CABECERA
fixed length control field 00940nam a22002537a 4500
003 - CONTROL NUMBER IDENTIFIER
control field AR-BeUNQ
005 - FECHA Y HORA DE LA ULTIMA TRANSACCION
control field 20220225124529.0
008 - ELEMENTOS DE LONGITUD FIJA-INFORMACION GENERAL
fixed length control field 180328b xxu||||| |||| 00| 0 spa d
020 ## - NUMERO INTERNACIONAL NORMALIZADO PARA LIBROS
Número Internacional Normalizado del libro 9789500116138
040 ## - FUENTE DE CATALOGACION
Agencia de catalogación original AR-BeUNQ
Idioma de catalogación ESPAÑOL
Convenciones de la descripción aacr
082 ## - NUMERO DE CLASIFICACION DECIMAL DEWEYMBER
Número de la edición 21
Número de clasificación 907.12
100 ## - ASIENTO PRINCIPAL-NOMBRE PERSONAL
Nombre personal Campos, Esteban
Término relacionador aut
245 ## - MENCION DE TITULO
Título Historia 3 ES:
Otra información sobre el título La expansión del capitalismo y la formación de los estados nacionales en América Latina
Mención de responsabilidad, etc Esteban Campos
250 ## - MENCION DE EDICION
Mención de edición 1a ed.
260 ## - PUBLICACION, DISTRIBUCION, ETC.
Lugar de publicación, distribución, etc. Boulogne :
Nombre del editor, distribuidor, etc. Estrada,
Fecha de publicación, distribución, etc 2013
300 ## - DESCRIPCION FISICA
Extensión 240 p.
Otros detalles físicos il. ;
Dimensiones 28 cm
Material acompañante Anexo "Saber Hacer"
490 ## - MENCION DE SERIE
Mención de serie Huellas
504 ## - NOTA DE BIBLIOGRAFIA, ETC.
Nota de bibliografía, etc. Bibliografía por bloques
505 ## - NOTA DE CONTENIDO
Nota de contenido con formato preestablecido cada capítulo contiene al final actividades, Entrevistas, Actividades de Integracion.
525 ## - SUPPLEMENT NOTE
Supplement note una anexos conteniendo actividades, análisis de discursos, cartas como fuentes históricas, etc
600 #9 - ASIENTO SECUNDARIO DE MATERIA - NOMBRE PERSONAL
Nombre personal Minutella, Eduardo
929 ## - DATOS DE ADQUISICION
Procedencia COMPRA
Proveedor UNQ
Fecha de recibido 20180223
Número de inventario 56363
942 ## - ELEMENTOS DE PUNTO DE ACCESO ADICIONAL (KOHA)
Tipo de ítem Koha Libros
Suppress in OPAC 0
Existencias
Estado de retiro Estado de pérdida Ubicación permanente Ubicación actual Ubicación en estantería Fecha de ingreso Total Checkouts Signatura topográfica completa Inventario Date last seen Número de copia Tipo de ítem Koha Operador
    Biblioteca ESET - UNQ Biblioteca ESET - UNQ CIRCULACION 28/03/2018   907.12 HIS 56363 28/03/2018 1 Libros Gladys Alarcon

ESET UNQ

☏ 4365-7188
 Avenida República de Francia 1714 entre Doctor Kenny y Concordia, Ezpeleta, Bs As.
✉ secretaria_eset@unq.edu.ar

Con tecnología Koha